Disneyland / (Record no. 104793)
[ view plain ]
| 000 -LEADER | |
|---|---|
| fixed length control field | 00350nam a2200145 a 4500 |
| 005 - DATE AND TIME OF LATEST TRANSACTION | |
| control field | 20140412111328.0 |
| 008 - FIXED-LENGTH DATA ELEMENTS--GENERAL INFORMATION | |
| fixed length control field | 110129s19uu xx 00 eng d |
| 020 ## - INTERNATIONAL STANDARD BOOK NUMBER | |
| International Standard Book Number | 0-380-71215-6 |
| 050 ## - LIBRARY OF CONGRESS CALL NUMBER | |
| Classification number | ER |
| Item number | Di32 1990 |
| 100 ## - MAIN ENTRY--PERSONAL NAME | |
| Personal name | BirnBaum, Steve |
| 245 ## - TITLE STATEMENT | |
| Title | Disneyland / |
| Statement of responsibility, etc | Steve Birnbaum. |
| 260 ## - PUBLICATION, DISTRIBUTION, ETC. (IMPRINT) | |
| Name of publisher, distributor, etc | Avon, |
| Date of publication, distribution, etc | 1990. |
| 300 ## - PHYSICAL DESCRIPTION | |
| Extent | 160p. |
| Withdrawn status | Lost status | Damaged status | Home library | Current library | Shelving location | Date acquired | Source of acquisition | Total Checkouts | Full call number | Barcode | Date last seen | Price effective from | Koha item type |
|---|---|---|---|---|---|---|---|---|---|---|---|---|---|
| Elizalde Library | Elizalde Library | Easy Reading Section | 01/29/2011 | ER Di32 1990 | E8672 | 04/12/2014 | 04/12/2014 | Books |